书目信息 |
| 题名: |
〓史
|
|
| 作者: | 岳珂 撰 ;吴企明 点校 | |
| 分册: | ||
| 出版信息: | 北京 中华书局 1981 |
|
| 页数: | 190页 | |
| 开本: | 21cm | |
| 丛书名: | 唐宋史料笔记丛刊 | |
| 单 册: | ||
| 中图分类: | K245.066 , K242-67 | |
| 科图分类: | ||
| 主题词: | 史料--中国--南宋 , 中国--历史 | |
| 电子资源: | ||
| ISBN: | ||
| 000 | 00777nam2 2200301 45 | |
| 001 | 0181010165 | |
| 005 | 20040510080630.2 | |
| 010 | @dCNY0.74 | |
| 091 | @a11018.989 | |
| 100 | @a19950609d1981 em y0chiy0121 ea | |
| 101 | 0 | @achi |
| 102 | @aCN@b110000 | |
| 105 | @ay z 000yy | |
| 106 | @ar | |
| 200 | 10 | @a〓史@A〓 shi@e十五卷@f(宋)岳珂撰@g吴企明点校 |
| 210 | @a北京@c中华书局@d1981 | |
| 215 | @a190页@d21cm | |
| 225 | 2 | @a唐宋史料笔记丛刊 |
| 410 | 0 | @120010@a唐宋史料笔记丛刊 |
| 606 | @a史料@y中国@z南宋 | |
| 606 | 0 | @a中国@x历史 |
| 690 | @aK245.066@v3 | |
| 690 | @aK242-67 | |
| 701 | 0 | @a岳珂@Ayue ke@f宋@4撰 |
| 702 | 0 | @a吴企明@Awu qi ming@4点校 |
| 801 | 0 | @aCN@b上海图书馆@c20040510 |
| 801 | 2 | @aCN@bNLC@c20040510 |
| 905 | @f1@b63897@dK242-67@e1 | |
| 〓史:十五卷/(宋)岳珂撰/吴企明点校.-北京:中华书局,1981 |
| 190页;21cm.-(唐宋史料笔记丛刊) |
| ISBN :CNY0.74 |
| ● |
| 相关链接 |
|
|
|
|
正题名:〓史
索取号:K242-67/1
 
预约/预借
| 序号 | 登录号 | 条形码 | 馆藏地/架位号 | 状态 | 备注 |
| 1 | 0063897 | 001288804 | 第二借阅区/ [索取号:K242-67/1] | 在馆 | |
| 2 | 0063898 | 001288733 | 第二样本阅览室/ [索取号:K242-67/1] | 在馆 |